000 00634nam a2200217 a 4500
001 65325
003 BD-RjUL
005 20211209081417.0
008 170304s1958 ii ||||| |||| 001 0 eng d
035 _a(BD-RjUL)65455
040 _aBD-RjUL
_beng
_cBD-RjUL
041 _aeng
082 _223
_a341.254
_bCHI 1958
100 1 _aChatterjee, Hiralal
_9193348
245 1 0 _aInternational law and inter-state relations in ancient India. /
_cHiralal Chatterjee
260 _aCalcutta :
_bMukhopadhyay,
_c1958.
300 _a166 p. ;
_c25 cm.
500 _aIncludes index
650 _aInternational law
_zIndia
_9193349
942 _2ddc
_cBK
999 _c65325
_d65325